01868nam a2200433 i 450000100060000000300080000600500170001400600190003100700150005000800410006501700500010602000290015602000290018503500220021404000310023604100130026705000220028008000190030208200160032113000320033724502770036926400440064626400110069030000410070133600310074233700330077333800430080649000380084950400390088758800830092659001620100961000440117165500270121570000550124279700180129783000390131585600630135499900170141749520FINmELB20241216232033.0m o u cr cn|||||||||220813s2019 sp ob 000 0 spa d aM 33323-2019bOficina Depósito Legal Madrid a9788436841176q(digital) z9788436841169q(impreso) a(OCoLC)1342052268 aFINmELBbspaerdacFINmELB1 aspaheng 4aHC241b.A843 2019 a32(4-6 UE)"20"04a337.1422232 aA second chance for Europe.14aUna segunda oportunidad para Europa :bla Unión Europea desde las perspectivas de la economía, la política y el derecho /cJo Ritzen (Dir.) ; traducción, Inmaculada Serón Ordóñez ; coordinador, Salvador Pérez Moreno ; prólogo, Javier López Fernández. 1aMadrid :bEdiciones Pirámide,c[2019] 4c©2019 a1 recurso en línea (170 páginas) atextobtxt2rdacontent/spa acomputadorabc2rdamedia/spa arecurso en líneabcr2rdacarrier/spa1 aColección "Empresa y gestión" aBibliografía: páginas 163-170. aDescripción basada en metadatos suministrados por el editor y otras fuentes. aRecurso electrónico. Santa Fe, Arg.: elibro, 2022. Disponible vía World Wide Web. El acceso puede estar limitado para las bibliotecas afiliadas a elibro.24aUnión EuropeaxPolítica y gobierno. 4aLibros electrónicos.1 aRitzen, Jo,eautor,edirector de la publicación.2 aelibro, Corp. 0aColección "Empresa y gestión".40uhttps://elibro.net/ereader/politecnicointernacional/216994 c49520d49520